000 00835nam0a22002531 4500
001 rc\3046962
005 20250810062425.0
035 _a(NLR Aleph) 007186670
090 _a7496547
_c7496547
100 _a20111008d1941 u y0rusy50 ca
101 0 _arus
102 _aRU
105 _aa z |||||
200 1 _aБукет Грузии
_eИз истории чая
_e[Для сред. и ст. возраста]
210 _aМосква
_aЛенинград
_cДетиздат
_d1941
_eМосква
215 _a112 с.
_cил.
_d21 см
700 1 _aГоробова
_bА.Л.
_gАлександра Львовна
801 0 _aRU
_bNLR
_gpsbo
801 1 _aRU
_bELAR
_2rusmarc
852 _aNLR
_jДл02 Г-/111
942 _cBOOK
945 _aРоссийская национальная библиотека
980 _aNB
980 _aBV